Кризисы в экономике предприятия; Энергия молодых - экономике России; Ч. 2

Бібліографічні деталі
Parent link:Энергия молодых - экономике России: труды V Всероссийской научно-практической конференции студентов и молодых ученых, посвященной столетию экономического образования в Томском политехническом университете, Томск, 20-24 апреля 2004 г./ Томский политехнический университет; Вольное экономическое общество России; Энергия молодых - экономике России. Всероссийская научно-практическая конференция студентов и молодых ученых.— , 2004-
Ч. 2.— 2004.— С. 353-356
Автор: Вавилкина Е. В.
Мова:Російська
Опубліковано: 2004
Предмети:
Формат: Частина з книги
KOHA link:https://koha.lib.tpu.ru/cgi-bin/koha/opac-detail.pl?biblionumber=225435

MARC

LEADER 00000naa2a2200000 4500
001 225435
005 20231031200952.0
035 |a (RuTPU)RU\TPU\book\245781 
090 |a 225435 
100 |a 20121112d2004 k y0rusy50 ca 
101 0 |a rus 
102 |a RU 
200 1 |a Кризисы в экономике предприятия  |f Е. В. Вавилкина 
320 |a Библиогр.: 4 назв. 
461 0 |0 (RuTPU)RU\TPU\book\82991  |t Энергия молодых - экономике России  |o труды V Всероссийской научно-практической конференции студентов и молодых ученых, посвященной столетию экономического образования в Томском политехническом университете, Томск, 20-24 апреля 2004 г.  |o В 2 ч.  |f Томский политехнический университет; Вольное экономическое общество России; Энергия молодых - экономике России. Всероссийская научно-практическая конференция студентов и молодых ученых  |d 2004- 
463 0 |0 (RuTPU)RU\TPU\book\82863  |t Ч. 2  |v С. 353-356  |d 2004 
610 1 |a предприятия 
610 1 |a кризисы 
610 1 |a антикризисное управление 
610 1 |a развитие 
610 1 |a риски 
610 1 |a классификация 
610 1 |a труды учёных ТПУ 
700 1 |a Вавилкина  |b Е. В. 
801 1 |a RU  |b 63413507  |c 20121112 
801 2 |a RU  |b 63413507  |c 20161007  |g RCR 
942 |c BK